La educación sentimental

Tallennettuna:
Bibliografiset tiedot
Päätekijä: Flaubert, Gustave (Tekijä)
Aineistotyyppi: Kirja
Kieli:espanja
Julkaistu: Barcelona Brugera 1970
Aiheet:
Tagit: Lisää tagi
Ei tageja, Lisää ensimmäinen tagi!

MARC

LEADER 00000nam a2200000 a 4500
001 UCQ4903
003 CL-VaPUC
008 980910e19700000SP |||||||||||||||||spa|d
082 0 4 |a 843  |b FLA  |2 21 
100 0 |a Flaubert, Gustave  |e author  |9 316219 
245 1 3 |a La educación sentimental 
300 |a 558 p 
942 |c BK 
945 |d 19980910 00:00:00  |a crobeson 
260 |a Barcelona  |b Brugera  |c 1970 
650 0 |a Novela francesa  |9 264985 
650 0 |a Literatura francesa  |9 266330 
583 |a last modification  |c 19980910 00:00:00  |k Rodrigo Vera 
999 |c 275202  |d 275200 
952 |0 0  |1 0  |4 0  |6 843_000000000000000_FLA_1970  |7 0  |8 A  |9 311776  |a BIBEDU  |b BIBEDU  |d 2019-11-20  |i 1466852  |o 843 FLA 1970  |p 1466852  |r 2019-11-20  |w 2019-11-20  |y BK  |k LIT